000 00452nam a2200193Ia 4500
005 20250603145514.0
008 250603s9999 xx 000 0 und d
020 _a9781466506664
050 _aTN 871 .P48/
100 _aAbdel-Aal, Hussein K.
245 0 _aPetroleum economics and engineering
250 _a3rd ed.
260 _aBoca Raton
260 _bCRC Press
260 _c2014
300 _a464 p
650 _aBoca Raton
942 _cBK
999 _c42052
_d42052